[Event "16th Sants Open 2014"]
[Site "Barcelona ESP"]
[Date "2014.08.25"]
[Round "4.42"]
[White "Colon Garcia, Enrique"]
[Black "Stoeri, Laura"]
[Result "1-0"]
[WhiteTitle "FM"]
[BlackTitle "WFM"]
[WhiteElo "2343"]
[BlackElo "2123"]
[WhiteFideId "2285940"]
[BlackFideId "1304313"]
[EventDate "2014.08.22"]

1. d4 Nf6 2. c4 e6 3. Nf3 Bb4+ 4. Bd2 Qe7 5. g3 Nc6 6. Bg2 Bxd2+ 7. Nbxd2 O-O 8.
O-O d6 9. e4 e5 10. d5 Nb8 11. Ne1 a5 12. Nd3 Bg4 13. f3 Bd7 14. f4 Na6 15. f5
Be8 16. g4 Nd7 17. Rf3 Nb4 18. Nf2 h6 19. a3 Na6 20. b4 Qd8 21. Rb1 axb4 22.
axb4 c6 23. dxc6 bxc6 24. Rd3 Qe7 25. Nf1 Nb6 26. Ne3 Nc8 27. Ra1 Nc7 28. Rxa8
Nxa8 29. f6 Qxf6 30. Nf5 Nc7 31. g5 hxg5 32. Rh3 Qg6 33. Bf3 Bd7 34. Bh5 Qe6 35.
Qd2 Ne7 36. Bg4 Qf6 37. Nxe7+ Qxe7 38. Bxd7 Qxd7 39. Qxg5 Qe6 40. Rg3 Ne8 41.
Ng4 Qg6 42. Qh4 Qh7 43. Nh6+ Kh8 44. Qe7 Qxh6 45. Qxf8+ Kh7 46. Qxf7 Nf6 47. h4
Kh8 48. Qg6 Qxg6 49. Rxg6 1-0

[Event "16th Sants Open 2014"]
[Site "Barcelona ESP"]
[Date "2014.08.25"]
[Round "4.43"]
[White "Tahay, Alexis"]
[Black "Hernando Rodrigo, Julio Antonio"]
[Result "1/2-1/2"]
[BlackTitle "FM"]
[WhiteElo "2118"]
[BlackElo "2342"]
[WhiteFideId "26090961"]
[BlackFideId "2208350"]
[EventDate "2014.08.22"]

1. e4 e6 2. d4 d5 3. Nd2 c5 4. exd5 exd5 5. Ngf3 Nc6 6. Bb5 Bd6 7. dxc5 Bxc5 8.
O-O Ne7 9. Nb3 Bd6 10. Re1 O-O 11. Bg5 a6 12. Be2 Qc7 13. Bh4 Bg4 14. Bg3 Rad8
15. Nbd4 Qb6 16. Bxd6 Rxd6 17. Nxc6 Nxc6 18. b3 Qc5 19. Rc1 Nb4 20. Qd4 Qxd4 21.
Nxd4 Bxe2 22. a3 Nxc2 23. Rxc2 Bg4 24. Rc7 Rd7 25. Re7 Rxc7 26. Rxc7 Rc8 27.
Rxc8+ Bxc8 28. Kf1 Kf8 29. Ke2 Ke7 30. Nc2 Kd6 31. b4 Bd7 32. Kf3 g6 33. Ke3 Bb5
34. f4 h5 35. g3 1/2-1/2

[Event "16th Sants Open 2014"]
[Site "Barcelona ESP"]
[Date "2014.08.25"]
[Round "4.44"]
[White "Vidarte Morales, Arturo"]
[Black "Fernandez Saavedra, Jose Luis"]
[Result "1-0"]
[WhiteTitle "IM"]
[WhiteElo "2326"]
[BlackElo "2114"]
[WhiteFideId "3800253"]
[BlackFideId "2217317"]
[EventDate "2014.08.22"]

1. Nf3 Nf6 2. c4 e6 3. g3 d5 4. d4 Bb4+ 5. Bd2 Be7 6. Qc2 O-O 7. Bg2 Nbd7 8. O-O
c6 9. Bf4 Nh5 10. Bc1 Nhf6 11. Nbd2 b6 12. Ne5 Nxe5 13. dxe5 Nd7 14. Nf3 Bb7 15.
h4 h6 16. Rd1 Rc8 17. b3 Qc7 18. Bf4 Rfd8 19. h5 Nc5 20. Rac1 dxc4 21. Qxc4
Rxd1+ 22. Rxd1 Rd8 23. Rxd8+ Bxd8 24. Nd4 Be7 25. b4 b5 26. Qc2 Qd7 27. e3 Na6
28. Bxc6 Bxc6 29. Qxc6 Qxc6 30. Nxc6 Bxb4 31. Nxa7 Nc7 32. e4 Bc5 33. Nc6 Na6
34. Bd2 Kf8 35. Kf1 Ke8 36. Ke2 Kd7 37. Na5 Nb4 38. Nb3 Be7 39. Bxb4 Bxb4 40.
Nd4 Bc3 41. Nxb5 Bxe5 42. Kd3 g6 43. g4 Kc6 44. Kc4 gxh5 45. gxh5 Bf4 46. Nd4+
Kd6 47. Ne2 Bd2 48. f4 f5 49. e5+ Kd7 50. Kb5 Be3 51. a4 Kc7 52. a5 Kd7 53. a6
Kc7 54. Kc4 Kb6 55. Kd3 1-0

[Event "16th Sants Open 2014"]
[Site "Barcelona ESP"]
[Date "2014.08.25"]
[Round "4.45"]
[White "Locci, Damiano"]
[Black "Pogan, Nikolas"]
[Result "1/2-1/2"]
[BlackTitle "FM"]
[WhiteElo "2113"]
[BlackElo "2313"]
[WhiteFideId "819751"]
[BlackFideId "24673579"]
[EventDate "2014.08.22"]

1. e4 d6 2. d4 Nf6 3. Nc3 e5 4. Nf3 Nbd7 5. Bc4 Be7 6. O-O c6 7. a4 Qc7 8. Qe2
h6 9. a5 b5 10. axb6 Nxb6 11. Bb3 O-O 12. dxe5 dxe5 13. Nh4 Re8 14. Qf3 c5 15.
Be3 Bg4 16. Qg3 c4 17. Ba4 Nxa4 18. Rxa4 Kh7 19. Nf5 Bxf5 20. exf5 h5 21. Qh4
Rec8 22. Bg5 Qd7 23. Bxf6 Bxf6 24. Qe4 Qc6 25. Rfa1 Rab8 1/2-1/2

[Event "16th Sants Open 2014"]
[Site "Barcelona ESP"]
[Date "2014.08.25"]
[Round "4.46"]
[White "Mayr, Florian"]
[Black "Peelen, Piet"]
[Result "1/2-1/2"]
[BlackTitle "IM"]
[WhiteElo "2103"]
[BlackElo "2303"]
[WhiteFideId "24612219"]
[BlackFideId "1000403"]
[EventDate "2014.08.22"]

1. c4 Nf6 2. Nc3 d5 3. d4 g6 4. Bf4 Bg7 5. Nf3 O-O 6. cxd5 Nxd5 7. Nxd5 Qxd5 8.
Bxc7 Nc6 9. e3 Bf5 10. Qa4 Qd7 11. Bg3 Nxd4 12. Qxd7 Nxf3+ 13. gxf3 Bxd7 14.
O-O-O Ba4 15. b3 Rfc8+ 16. Kb1 Bc6 17. e4 b5 18. Bd3 a5 19. a3 Bd7 20. Rc1 Bc3
21. Rhd1 Ra7 22. Bxb5 Bxb5 23. Rxc3 Rxc3 24. Rd8+ Kg7 25. Be5+ f6 26. Bxc3 a4
27. b4 Rd7 28. Rxd7 Bxd7 29. Kc2 Bb5 30. Kd2 e5 31. f4 exf4 32. e5 fxe5 33.
Bxe5+ Kf7 34. Kc3 Ke6 35. Kd4 g5 36. Kc5 Bd3 37. Bg7 g4 38. Bh6 g3 39. hxg3 fxg3
40. fxg3 Kd7 41. Kb6 Kc8 42. Bf4 h5 43. b5 1/2-1/2

[Event "16th Sants Open 2014"]
[Site "Barcelona ESP"]
[Date "2014.08.25"]
[Round "4.47"]
[White "Gomez Jurado, Luis Alberto"]
[Black "Corsino, Gianluca"]
[Result "1/2-1/2"]
[WhiteTitle "FM"]
[WhiteElo "2302"]
[BlackElo "2110"]
[WhiteFideId "2202107"]
[BlackFideId "816930"]
[EventDate "2014.08.22"]

1. c4 e5 2. g3 Nc6 3. Nc3 Bc5 4. Bg2 Nf6 5. Nf3 d6 6. d3 O-O 7. O-O h6 8. e3 Bf5
9. a3 a5 10. b3 Qd7 11. Re1 Bg4 12. Qc2 Ne7 13. Ne4 Nxe4 14. dxe4 f5 15. h3 Bxf3
16. Bxf3 fxe4 17. Bxe4 Qxh3 18. Bxb7 Rab8 19. Bg2 Qg4 20. Bd2 h5 21. Bxa5 h4 22.
b4 hxg3 23. f3 Qh4 24. Ra2 Bb6 25. Bxb6 cxb6 26. Qe4 Qh2+ 27. Kf1 Nf5 28. Qg4
Nh4 29. f4 Rf7 30. Rae2 Nxg2 31. Rxg2 Qh1+ 32. Rg1 Qe4 33. Rxg3 exf4 34. Rf3
Qxc4+ 35. Kg1 Rbf8 36. Ref1 Qe4 37. exf4 Rf6 38. Rg3 Qd4+ 39. Kg2 Rxf4 40. Qe6+
R8f7 41. Qe8+ Rf8 42. Qe6+ R8f7 43. Qe8+ 1/2-1/2

[Event "16th Sants Open 2014"]
[Site "Barcelona ESP"]
[Date "2014.08.25"]
[Round "4.48"]
[White "Serarols Mabras, Bernat"]
[Black "Ekeberg, Carl Fredrik"]
[Result "1/2-1/2"]
[BlackTitle "FM"]
[WhiteElo "2094"]
[BlackElo "2294"]
[WhiteFideId "2238276"]
[BlackFideId "1502654"]
[EventDate "2014.08.22"]

1. d4 Nf6 2. c4 e6 3. Nc3 Bb4 4. e3 O-O 5. Bd3 d5 6. cxd5 exd5 7. Ne2 Bd6 8. O-O
c6 9. Nf4 a5 10. f3 Bxf4 11. exf4 b6 12. f5 Ne8 13. g4 Nd6 14. Bf4 Ba6 15. Ne2
Bxd3 16. Qxd3 Na6 17. b3 Nb4 18. Qd2 Re8 19. Be5 f6 20. Bg3 Nb5 21. Nf4 Nc7 22.
Rac1 Qd7 23. Kh1 Re7 24. Rg1 Rae8 25. a3 Nba6 26. Nh5 Nb5 27. Qf4 c5 28. g5 Nxd4
29. gxf6 Rf7 30. Nxg7 Rxg7 31. fxg7 Ne2 32. Qh6 Nxc1 33. Qxc1 Qxf5 34. Qf1 Nb8
35. Bxb8 Rxb8 36. f4 Qe4+ 37. Rg2 Rb7 38. Qa6 Qe1+ 39. Rg1 Qe4+ 40. Rg2 Qe1+ 41.
Rg1 Qe4+ 42. Rg2 1/2-1/2

[Event "16th Sants Open 2014"]
[Site "Barcelona ESP"]
[Date "2014.08.25"]
[Round "4.49"]
[White "Piepho, Niels"]
[Black "Carol Querol, Santiago"]
[Result "1/2-1/2"]
[WhiteElo "2293"]
[BlackElo "2106"]
[WhiteFideId "4624262"]
[BlackFideId "2219662"]
[EventDate "2014.08.22"]

1. c4 c5 2. Nc3 Nc6 3. g3 g6 4. Bg2 Bg7 5. Nf3 e5 6. O-O Nge7 7. Ne1 O-O 8. Rb1
d6 9. Nc2 Be6 10. Nd5 Rb8 11. b4 Qd7 12. d3 Nf5 13. Bd2 f6 14. e3 Nh6 15. a4 b6
16. Qc1 Nf7 17. Qa3 Bh3 18. a5 Ng5 19. f3 Bxg2 20. Kxg2 bxa5 1/2-1/2

[Event "16th Sants Open 2014"]
[Site "Barcelona ESP"]
[Date "2014.08.25"]
[Round "4.50"]
[White "Mazet, Julien"]
[Black "Gonzalez Valero, Julio"]
[Result "0-1"]
[WhiteElo "2088"]
[BlackElo "2288"]
[WhiteFideId "617954"]
[BlackFideId "2218810"]
[EventDate "2014.08.22"]

1. d4 d5 2. Nf3 Nf6 3. c4 c6 4. e3 Bg4 5. Nc3 e6 6. h3 Bh5 7. cxd5 exd5 8. g4
Bg6 9. Ne5 Nfd7 10. Nxg6 hxg6 11. Bd2 Be7 12. Qb3 Qb6 13. Qxb6 axb6 14. Bg2 b5
15. O-O Nb6 16. Ne2 Nc4 17. Bc1 Na6 18. a4 bxa4 19. Rxa4 Kd7 20. b3 Nd6 21. Bd2
Nc7 22. Rfa1 Rxa4 23. Rxa4 Ndb5 24. Nf4 Bd6 25. Nd3 Ne6 26. f4 f6 27. Bf1 g5 28.
f5 Nec7 29. Ba5 Ra8 30. Bxc7 Nxc7 31. Rxa8 Nxa8 32. Kf2 b6 33. Bg2 Nc7 34. e4
dxe4 35. Bxe4 Nb5 36. Ke3 Bh2 37. d5 c5 38. Kd2 Be5 39. Nxe5+ fxe5 40. Kd3 Kd6
41. b4 cxb4 42. Kc4 Nc7 43. Bf3 b3 44. Kxb3 Nxd5 45. Kc4 Nf4 46. Kb5 Nxh3 47.
Kxb6 Nf2 48. Bb7 Nxg4 49. Kb5 Ne3 0-1

[Event "16th Sants Open 2014"]
[Site "Barcelona ESP"]
[Date "2014.08.25"]
[Round "4.51"]
[White "Kenneskog, Theodor"]
[Black "Ventura Bolet, Maxim"]
[Result "1-0"]
[WhiteElo "2285"]
[BlackElo "2089"]
[WhiteFideId "1715011"]
[BlackFideId "22238824"]
[EventDate "2014.08.22"]

1. d4 d5 2. c4 dxc4 3. e4 e5 4. Nf3 exd4 5. Bxc4 Nc6 6. O-O Be6 7. Bb5 Bc5 8. b4
Bb6 9. a4 a6 10. Bxc6+ bxc6 11. Bb2 Nf6 12. a5 Ba7 13. Qd3 O-O 14. Nbd2 c5 15.
bxc5 Bxc5 16. Rfc1 Bb4 17. Qxd4 c5 18. Qe3 Bxa5 19. Bxf6 Bxd2 20. Nxd2 Qxf6 21.
e5 Qg6 22. Rxc5 Rfd8 23. Ne4 Bd5 24. Ng3 h5 25. h4 Qg4 26. Rca5 Qxh4 27. Nf5 Qc4
28. Rc5 Qb3 29. Ne7+ Kh8 30. Nxd5 Qxd5 31. Rxd5 Rxd5 32. Qf3 1-0

[Event "16th Sants Open 2014"]
[Site "Barcelona ESP"]
[Date "2014.08.25"]
[Round "4.52"]
[White "Gruenter, Martin"]
[Black "Martinez Gutierrez, Bernard"]
[Result "1-0"]
[WhiteElo "2275"]
[BlackElo "2061"]
[WhiteFideId "24640352"]
[BlackFideId "2229188"]
[EventDate "2014.08.22"]

1. e4 c5 2. c3 e6 3. d4 d5 4. exd5 exd5 5. Be3 cxd4 6. Bxd4 Nc6 7. Bb5 a6 8. Ba4
b5 9. Bc2 Nxd4 10. Qxd4 Nf6 11. Nf3 Qe7+ 12. Kd1 Qc7 13. Re1+ Be7 14. a4 O-O 15.
axb5 Bc5 16. Qh4 Bb7 17. Nbd2 axb5 18. Nb3 Rxa1+ 19. Nxa1 d4 20. Nxd4 Bxd4 21.
cxd4 Bxg2 22. Re3 Qc6 23. Nb3 Bf3+ 24. Kd2 b4 25. Nc5 g6 26. Ba4 Ne4+ 27. Rxe4 1-0

[Event "16th Sants Open 2014"]
[Site "Barcelona ESP"]
[Date "2014.08.25"]
[Round "4.53"]
[White "Gurrutxaga Telleria, Jose Luis"]
[Black "Diaz Castro, Sergio"]
[Result "0-1"]
[WhiteElo "2082"]
[BlackElo "2272"]
[WhiteFideId "2250578"]
[BlackFideId "2250608"]
[EventDate "2014.08.22"]

1. d4 d5 2. c4 c6 3. Nf3 Nf6 4. e3 e6 5. Nbd2 Nbd7 6. Bd3 Bd6 7. O-O O-O 8. e4
e5 9. cxd5 cxd5 10. Re1 Re8 11. exd5 exd4 12. Ne4 Nxe4 13. Rxe4 Ne5 14. Ng5 Bf5
15. Bb5 Bxe4 16. Nxe4 Rf8 17. Qxd4 a6 18. Ba4 Rc8 19. Nxd6 Qxd6 20. Bf4 f6 21.
Bb3 Rfd8 22. h3 Kh8 23. Bd2 b5 24. Ba5 Rd7 25. Bb4 Nc6 26. Rc1 Nxd4 27. Rxc8+
Rd8 28. Bxd6 Rxc8 29. Be7 Nxb3 30. axb3 Rc1+ 31. Kh2 Rd1 32. d6 Kg8 33. Kg3 Kf7
34. Kf3 Rd3+ 35. Ke4 Rxb3 36. Kd5 Rxb2 37. Bd8 Ke8 38. Bb6 Kd7 0-1

[Event "16th Sants Open 2014"]
[Site "Barcelona ESP"]
[Date "2014.08.25"]
[Round "4.54"]
[White "Boix Moreno, Daniel"]
[Black "Garcia Castellote, Oscar"]
[Result "1-0"]
[WhiteTitle "FM"]
[WhiteElo "2267"]
[BlackElo "2058"]
[WhiteFideId "2207249"]
[BlackFideId "2278898"]
[EventDate "2014.08.22"]

1. e4 c5 2. Nf3 Nc6 3. Bb5 g6 4. O-O Bg7 5. Re1 Nf6 6. e5 Nd5 7. Nc3 Nc7 8. Bxc6
dxc6 9. Ne4 Ne6 10. d3 O-O 11. Be3 b6 12. Qd2 f5 13. exf6 exf6 14. Bh6 Nd4 15.
Nxd4 cxd4 16. Bxg7 Kxg7 17. Qf4 Be6 18. Re2 Qd5 19. Rae1 Rad8 20. c4 Qd7 21. b4
Bf5 22. Ng3 Rf7 23. Nxf5+ Qxf5 24. Qxf5 gxf5 25. Re6 Rc8 26. g3 c5 27. b5 Rcc7
28. Kg2 Kg6 29. Kf3 h5 30. h4 Rcd7 31. Kf4 Rg7 32. a4 Rgf7 33. Re8 Rg7 34. Kf3
Rgf7 35. R1e6 Rg7 36. a5 bxa5 37. Ra6 Rb7 38. Rxa5 Rb6 39. Re2 Rc7 40. Rea2 Rbb7
41. Ra6 Re7 42. Rc6 Re5 43. Re2 1-0

[Event "16th Sants Open 2014"]
[Site "Barcelona ESP"]
[Date "2014.08.25"]
[Round "4.55"]
[White "Jaksland, Tim"]
[Black "Ayala Abenza, Jose Luis"]
[Result "1-0"]
[WhiteTitle "FM"]
[WhiteElo "2262"]
[BlackElo "2056"]
[WhiteFideId "1401084"]
[BlackFideId "2255294"]
[EventDate "2014.08.22"]

1. Nf3 Nf6 2. c4 e6 3. g3 d5 4. b3 d4 5. Bg2 c5 6. O-O Nc6 7. e3 Be7 8. exd4
cxd4 9. Re1 O-O 10. a3 a5 11. Bb2 Qb6 12. Ne5 Bd7 13. d3 Nxe5 14. Rxe5 Bc6 15.
Nd2 Rfd8 16. Nf3 Bc5 17. Rb1 Bxf3 18. Bxf3 Qc7 19. Qe1 Rab8 20. Bc1 Nd7 21. Rh5
g6 22. Bf4 e5 23. Bxe5 Nxe5 24. Rxe5 b6 25. b4 axb4 26. axb4 Bf8 27. Kg2 Bd6 28.
Re4 Bf8 29. h4 Qd6 30. Qe2 Qf6 31. Rf4 Qg7 32. Bd5 Rd7 33. Qf3 Bd6 34. Rf6 Be5
35. Rc6 Rd6 36. Ra1 Rd7 37. Ra6 b5 38. c5 Rbd8 39. Bb3 Kh8 40. Rcb6 f5 41. Rxb5
f4 42. Ra8 g5 43. Be6 1-0

[Event "16th Sants Open 2014"]
[Site "Barcelona ESP"]
[Date "2014.08.25"]
[Round "4.56"]
[White "Pedini, Dario"]
[Black "Serrano Aspa, Pedro"]
[Result "1/2-1/2"]
[WhiteElo "2260"]
[BlackElo "2047"]
[WhiteFideId "824623"]
[BlackFideId "2226553"]
[EventDate "2014.08.22"]

1. g3 d5 2. Bg2 Nf6 3. d3 e6 4. Nd2 c5 5. c3 Nc6 6. Ngf3 Be7 7. O-O O-O 8. Re1
Qc7 9. a3 a5 10. a4 b6 11. h3 Ba6 12. Qc2 Rac8 13. e4 d4 14. Bf1 e5 15. Qb3 Nd7
16. Nc4 Rb8 17. Qa2 b5 18. axb5 Bxb5 19. h4 Ra8 20. Be2 h6 21. Kg2 Ra7 22. h5
Rfa8 23. Nh2 Nb4 24. Qb3 Bxc4 25. dxc4 Nc6 26. Ng4 Kh7 27. f4 f6 28. Qc2 Bd6 29.
Rd1 Kh8 30. Qd2 Re8 31. Bd3 Bf8 32. Nh2 Kg8 33. Qe2 Kh8 34. Qg4 Raa8 35. Nf3
Rad8 36. Bc2 Nb6 37. cxd4 cxd4 38. b3 Nb4 39. Bb1 Nd7 40. Nh4 Bd6 41. Nf5 Bf8
42. Nh4 Bd6 43. Ng6+ Kh7 44. Qf5 Kg8 45. Qg4 1/2-1/2

[Event "16th Sants Open 2014"]
[Site "Barcelona ESP"]
[Date "2014.08.25"]
[Round "4.57"]
[White "Egorov, Konstantin"]
[Black "Herrera Reyes, Jose Antonio"]
[Result "0-1"]
[WhiteElo "2049"]
[BlackElo "2239"]
[WhiteFideId "24154369"]
[BlackFideId "2274914"]
[EventDate "2014.08.22"]

1. d4 Nf6 2. Nf3 g6 3. c4 Bg7 4. Nc3 d6 5. e4 O-O 6. Be2 c6 7. O-O Qc7 8. h3 e5
9. Re1 a6 10. a4 a5 11. dxe5 dxe5 12. Be3 Na6 13. c5 Rd8 14. Qb3 Nd7 15. Bxa6
bxa6 16. Ng5 Nf8 17. Rad1 Rxd1 18. Qxd1 h6 19. Nf3 Qb7 20. Qd6 Nd7 21. Nd5 cxd5
22. c6 Qb4 23. Qxd5 Nf6 24. Qd8+ Kh7 25. Bd2 Qxb2 26. Bxa5 Qc2 27. c7 Nxe4 28.
Qh4 f5 29. Bb6 Bf6 30. Rxe4 Bxh4 0-1

[Event "16th Sants Open 2014"]
[Site "Barcelona ESP"]
[Date "2014.08.25"]
[Round "4.58"]
[White "Madiai, Federico"]
[Black "Idiazabal Troyas, Aritz"]
[Result "1-0"]
[WhiteElo "2234"]
[BlackElo "1979"]
[WhiteFideId "836230"]
[BlackFideId "2242842"]
[EventDate "2014.08.22"]

1. e4 c5 2. Nf3 Nc6 3. Bb5 g6 4. O-O Bg7 5. Re1 Nf6 6. e5 Nd5 7. Nc3 Nc7 8. Bxc6
dxc6 9. d3 O-O 10. h3 b6 11. Ne4 h6 12. Bd2 Ne6 13. Qc1 Kh7 14. Bc3 Nd4 15. Bxd4
cxd4 16. Qf4 g5 17. Nexg5+ hxg5 18. Nxg5+ Kg8 19. Qe4 f5 20. Qh4 Re8 21. Qh7+
Kf8 22. Qg6 Kg8 23. e6 Bb7 24. Qh7+ Kf8 25. Re5 Qd5 26. Rxd5 cxd5 27. Re1 Rec8
28. Re5 Ke8 29. Rxf5 Bc6 1-0

[Event "16th Sants Open 2014"]
[Site "Barcelona ESP"]
[Date "2014.08.25"]
[Round "4.59"]
[White "Skutta, Bernd"]
[Black "Serra Pages, Jordi"]
[Result "1-0"]
[WhiteElo "2048"]
[BlackElo "2216"]
[WhiteFideId "4666950"]
[BlackFideId "2213753"]
[EventDate "2014.08.22"]

1. d4 Nf6 2. Nf3 g6 3. c4 Bg7 4. Nc3 d5 5. cxd5 Nxd5 6. Bd2 O-O 7. e4 Nxc3 8.
Bxc3 c5 9. d5 Bxc3+ 10. bxc3 Bg4 11. h3 Bxf3 12. Qxf3 Qd6 13. Rb1 b6 14. Be2 e6
15. O-O exd5 16. Rfd1 Nd7 17. exd5 Rae8 18. Bb5 Re5 19. c4 Rfe8 20. Qa3 R8e7 21.
Qxa7 Nf8 22. Qa8 Re2 23. Rf1 Rc2 24. Rbe1 Rxe1 25. Rxe1 Qf4 26. Rf1 Rc1 27. Qe8
Qd2 28. a4 Rd1 29. Qe7 Qd3 30. Rxd1 Qxd1+ 31. Kh2 Qd4 32. Kg3 Kg7 33. Be8 Qd3+
34. Kh2 Qf5 35. Qe3 Nd7 36. Bxd7 Qxd7 37. Qe5+ f6 38. Qb8 Qxa4 39. Qc7+ Kh6 40.
d6 1-0

[Event "16th Sants Open 2014"]
[Site "Barcelona ESP"]
[Date "2014.08.25"]
[Round "4.60"]
[White "Martin Perez, Laura"]
[Black "Rojano Alfonso, Carlos"]
[Result "1/2-1/2"]
[WhiteElo "2045"]
[BlackElo "2213"]
[WhiteFideId "22244735"]
[BlackFideId "22229507"]
[EventDate "2014.08.22"]

1. e4 Nc6 2. Nf3 e5 3. Bb5 Bc5 4. O-O Nd4 5. Nxd4 Bxd4 6. Bc4 d6 7. d3 Ne7 8. c3
Bb6 9. a4 a5 10. Qh5 O-O 11. Be3 c6 12. Nd2 d5 13. exd5 Bxe3 14. fxe3 cxd5 15.
Bb5 f6 16. Qf3 Be6 17. e4 Kh8 18. Rad1 f5 19. exd5 Bxd5 20. Qe3 Ng6 21. Nf3 Qc7
22. Rfe1 f4 23. Qe2 Bxf3 24. gxf3 Rad8 25. Kh1 Qc8 26. Rd2 Rd6 27. Qf2 1/2-1/2

[Event "16th Sants Open 2014"]
[Site "Barcelona ESP"]
[Date "2014.08.25"]
[Round "4.61"]
[White "Julian Barrachina, Lluis"]
[Black "Kempinski, Tomasz"]
[Result "0-1"]
[WhiteElo "1955"]
[BlackElo "2202"]
[WhiteFideId "22224912"]
[BlackFideId "1109049"]
[EventDate "2014.08.22"]

1. Nf3 Nf6 2. c4 g6 3. g3 Bg7 4. Bg2 O-O 5. Nc3 d6 6. O-O e5 7. d3 Nc6 8. Rb1 a5
9. a3 Be6 10. Bd2 h6 11. h3 d5 12. cxd5 Nxd5 13. Ne4 b6 14. Qc1 Qd7 15. Bxh6 Nd4
16. Nxd4 exd4 17. h4 Rae8 18. Qd2 Bh3 19. Rbe1 Bxg2 20. Kxg2 f5 21. Bxg7 Kxg7
22. Ng5 f4 23. Kh2 fxg3+ 24. fxg3 Ne3 25. Rf3 Rf5 26. Ne4 Ref8 27. Rxe3 dxe3 28.
Qxe3 c5 29. Ng5 Re8 30. Qc1 Rf2+ 31. Kg1 Rfxe2 32. Rf1 Qd4+ 33. Kh1 Qd5+ 34. Nf3
Rf8 35. Qc3+ Kh7 36. d4 cxd4 37. Qd3 Re3 0-1

[Event "16th Sants Open 2014"]
[Site "Barcelona ESP"]
[Date "2014.08.25"]
[Round "4.62"]
[White "Garcia Martin, Marta"]
[Black "Aronsson, Marten"]
[Result "0-1"]
[WhiteElo "1929"]
[BlackElo "2200"]
[WhiteFideId "32084030"]
[BlackFideId "1724223"]
[EventDate "2014.08.22"]

1. e4 e5 2. Nf3 Nc6 3. Bc4 Nf6 4. d3 h6 5. h3 d6 6. Nc3 Na5 7. Bb3 Nxb3 8. axb3
g6 9. Be3 c5 10. Qd2 Bd7 11. Ne2 Bc6 12. Ng3 Qc7 13. Nh2 d5 14. Ng4 Ng8 15. exd5
Bxd5 16. Qc3 Bd6 17. Ne4 Bxe4 18. dxe4 f5 19. Nh2 Nf6 20. Qc4 Qf7 21. exf5 Qxc4
22. bxc4 gxf5 23. O-O-O O-O-O 24. f3 e4 25. Bd2 Rhg8 26. g4 exf3 27. Bxh6 Ne4
28. Nxf3 fxg4 29. Rhe1 Nf2 30. Rd2 gxf3 31. Rxf2 Bg3 0-1

[Event "16th Sants Open 2014"]
[Site "Barcelona ESP"]
[Date "2014.08.25"]
[Round "4.63"]
[White "Barbu Ion, Cosmin"]
[Black "Garriga Cazorla, Pere"]
[Result "0-1"]
[WhiteElo "1844"]
[BlackElo "2196"]
[WhiteFideId "22281037"]
[BlackFideId "32011601"]
[EventDate "2014.08.22"]

1. e4 c5 2. Nc3 a6 3. g3 b5 4. Bg2 Bb7 5. a3 e6 6. d3 Nf6 7. f4 d5 8. e5 Nfd7 9.
Nf3 Nc6 10. O-O Be7 11. h3 h5 12. Ne2 Nb6 13. Bd2 d4 14. b4 c4 15. Nfxd4 Nd5 16.
Nxc6 Bxc6 17. Kh2 cxd3 18. cxd3 g6 19. Rc1 Bb7 20. Nc3 Nxc3 21. Rxc3 Bxg2 22.
Kxg2 O-O 23. Qf3 a5 24. Rc2 axb4 25. Bxb4 Bxb4 26. axb4 Ra3 27. Rd1 Qd4 28. Qe4
Rd8 29. Qxd4 Rxd4 30. Rc8+ Kg7 31. Rb8 Rxb4 32. Kf3 h4 33. gxh4 Raa4 34. d4 Ra3+
35. Kg2 Rb2+ 36. Kg1 Rg3+ 37. Kh1 Rxh3+ 38. Kg1 Rg3+ 39. Kf1 Rf3+ 40. Kg1 Rxf4
41. d5 Rg4+ 42. Kf1 Rxh4 43. Kg1 exd5 44. Rxd5 Re4 45. Rdxb5 Re1# 0-1

[Event "16th Sants Open 2014"]
[Site "Barcelona ESP"]
[Date "2014.08.26"]
[Round "5.1"]
[White "Ducarmon, Quinten"]
[Black "Sandipan, Chanda"]
[Result "1/2-1/2"]
[WhiteTitle "IM"]
[BlackTitle "GM"]
[WhiteElo "2479"]
[BlackElo "2619"]
[WhiteFideId "1025007"]
[BlackFideId "5004225"]
[EventDate "2014.08.22"]

1. e4 e5 2. Nf3 Nf6 3. d4 Nxe4 4. Bd3 d5 5. Nxe5 Nd7 6. Nc3 Nxc3 7. bxc3 Nxe5 8.
dxe5 Be7 9. Qh5 Qd7 10. Rb1 a6 11. c4 Qa4 12. O-O dxc4 13. Be4 Qa5 14. Bxb7 Bxb7
15. Rxb7 O-O 16. Qe2 c3 17. Qc4 1/2-1/2

[Event "16th Sants Open 2014"]
[Site "Barcelona ESP"]
[Date "2014.08.26"]
[Round "5.2"]
[White "Kraemer, Martin"]
[Black "Klein, David"]
[Result "1-0"]
[WhiteTitle "GM"]
[BlackTitle "IM"]
[WhiteElo "2546"]
[BlackElo "2498"]
[WhiteFideId "4671910"]
[BlackFideId "1003623"]
[EventDate "2014.08.22"]

1. d4 Nf6 2. c4 e6 3. Nc3 Bb4 4. Qb3 c5 5. dxc5 Na6 6. a3 Bxc3+ 7. Qxc3 Nxc5 8.
f3 d6 9. e4 O-O 10. Be3 Qc7 11. Rd1 b6 12. b4 Ncd7 13. Qd4 d5 14. cxd5 exd5 15.
exd5 Re8 16. Bb5 Bb7 17. d6 Qc2 18. Ne2 Qb3 19. Kf2 a5 20. Rd3 Qe6 21. Rc1 axb4
22. axb4 Qf5 23. Bxd7 Nxd7 24. Rd2 Ba6 25. Ng3 Qe6 26. Rc3 h6 27. Qd5 Qxd5 28.
Rxd5 Rec8 29. Rc7 Bc4 30. Rd2 Be6 31. Ne2 Rxc7 32. dxc7 Rc8 33. Bf4 g5 34. Nd4
Nf8 35. Nc6 Kg7 36. Bg3 f5 37. Be5+ Kf7 38. Rd8 Ng6 39. Bd6 f4 40. Nd4 Ne7 41.
Bxe7 Rxc7 42. Bd6 Rc4 43. Rf8+ Kg6 44. Nxe6 Kh5 45. Rf6 g4 46. Bf8 g3+ 1-0